Coal geology (Record no. 355866)

000 -LEADER
fixed length control field 01462cam a2200409 a 4500
001 - CONTROL NUMBER
control field 10112537
003 - CONTROL NUMBER IDENTIFIER
control field USPCAS-E
005 - DATE AND TIME OF LATEST TRANSACTION
control field 20180118181416.0
006 - FIXED-LENGTH DATA ELEMENTS--ADDITIONAL MATERIAL CHARACTERISTICS
fixed length control field m d
007 - PHYSICAL DESCRIPTION FIXED FIELD--GENERAL INFORMATION
fixed length control field cr n
008 - FIXED-LENGTH DATA ELEMENTS--GENERAL INFORMATION
fixed length control field 120823s2013 enk sb 001 0 eng d
020 ## - INTERNATIONAL STANDARD BOOK NUMBER
International Standard Book Number 9781118385715 (Adobe PDF)
020 ## - INTERNATIONAL STANDARD BOOK NUMBER
International Standard Book Number 9781118385722 (ePub)
020 ## - INTERNATIONAL STANDARD BOOK NUMBER
International Standard Book Number 9781118385739 ( MobiPocket)
020 ## - INTERNATIONAL STANDARD BOOK NUMBER
Canceled/invalid ISBN 9781119990444 (cloth)
035 ## - SYSTEM CONTROL NUMBER
System control number (WaSeSS)ssj0000718919
040 ## - CATALOGING SOURCE
Original cataloging agency DLC
Language of cataloging eng
Transcribing agency DLC
Modifying agency DLC
-- WaSeSS
042 ## - AUTHENTICATION CODE
Authentication code pcc
050 #4 - LIBRARY OF CONGRESS CALL NUMBER
Classification number TN802
050 #4 - LIBRARY OF CONGRESS CALL NUMBER
Classification number TN802
Item number .T47 2013
050 #4 - LIBRARY OF CONGRESS CALL NUMBER
Classification number TN802
Item number .T47 2002
082 00 - DEWEY DECIMAL CLASSIFICATION NUMBER
Classification number 553.24
Edition number 23
Author Mark THO-C 2013
100 1# - MAIN ENTRY--PERSONAL NAME
Personal name Thomas, Larry
Fuller form of name (Larry P.)
210 10 - ABBREVIATED TITLE
Abbreviated title Coal geology
245 10 - TITLE STATEMENT
Title Coal geology
Medium [electronic resource] /
Statement of responsibility, etc. Larry Thomas.
250 ## - EDITION STATEMENT
Edition statement 2nd ed.
260 ## - PUBLICATION, DISTRIBUTION, ETC.
Place of publication, distribution, etc. Chichester, West Sussex ;
-- Hoboken, NJ :
Name of publisher, distributor, etc. John Wiley & Sons,
Date of publication, distribution, etc. 2013.
502 ## - DISSERTATION NOTE
Dissertation note .
504 ## - BIBLIOGRAPHY, ETC. NOTE
Bibliography, etc. note Includes bibliographical references and index.
506 ## - RESTRICTIONS ON ACCESS NOTE
Terms governing access License restrictions may limit access.
650 #0 - SUBJECT ADDED ENTRY--TOPICAL TERM
Topical term or geographic name entry element Coal
General subdivision Geology.
773 #0 - HOST ITEM ENTRY
Title Wiley-Blackwell Online Books
776 08 - ADDITIONAL PHYSICAL FORM ENTRY
Relationship information Print version:
Main entry heading Thomas, Larry (Larry P.)
Title Coal geology
Edition 2nd ed.
Place, publisher, and date of publication Chichester, West Sussex ; Hoboken, NJ : John Wiley & Sons, 2013
International Standard Book Number 9781119990444
Record control number (DLC) 2012025908
856 40 - ELECTRONIC LOCATION AND ACCESS
Uniform Resource Identifier <a href="http://www.columbia.edu/cgi-bin/cul/resolve?clio10112537">http://www.columbia.edu/cgi-bin/cul/resolve?clio10112537</a>
Public note Full text available from Wiley-Blackwell Online Books
910 ## - USER-OPTION DATA (OCLC)
User-option data Library of Congress record
942 ## - ADDED ENTRY ELEMENTS (KOHA)
Source of classification or shelving scheme
Koha item type Book
Holdings
Withdrawn status Lost status Source of classification or shelving scheme Damaged status Not for loan Collection code Permanent Location Current Location Shelving location Date acquired Source of acquisition Cost, normal purchase price Total Checkouts Full call number Barcode Date last seen Date last checked out Price effective from Koha item type
            US-Pakistan Center for Advanced Studies in Energy (USPCAS-E) US-Pakistan Center for Advanced Studies in Energy (USPCAS-E)   12/29/2015 Iqra 11887.00 1 553.24 THO-C 2013 CAS-E0001090 11/29/2016 10/17/2016 12/29/2015 Book
© 2023 Central Library, National University of Sciences and Technology. All Rights Reserved.